QCM Napoléon Bonaparte - Statistiques

Statistiques générales
  • Ce quiz a été pris 1 173 fois
  • Le résultat moyen est 9 sur 15
Statistiques - réponses
Question Réponse % Correct
En 1803, la France perd une partie de son territoire mais gagne 80 millions de Francs, pourquoi ? Napoléon vendit la Louisiane aux Américains
93%
Napoléon est exilé pour la seconde et dernière fois en 1815, mais où ? Île de Sainte-Hélène
85%
Napoléon Bonaparte meurt en 1821. De quelle manière ? Cancer de l'estomac
81%
Qui dirigea l'armée des coalisés à la bataille de Waterloo ? Duc de Wellington
81%
Quel est le premier grand fait-d'armes de Napoléon Bonaparte ? Siège de Toulon 1793
68%
Napoléon Bonaparte devient Napoléon 1er le 2 décembre 1804, où il est sacré empereur des français. Qui est le peintre ayant réalisé le célèbre tableau "Le sacre de Napoléon" ? Jacques Louis David
65%
Avant d'être commandant en chef de l'armée d'Italie, le jeune Bonaparte commença sa carrière militaire dans : L'artillerie
65%
Officiellement, combien d'enfants légitimes à eu Napoléon ? 1
63%
De quel homme politique Corse Napoléon Bonaparte est-il proche dans sa jeunesse ? Pascal Paoli
57%
Napoléon a grandement influencé la musique de Beethoven. Vrai
55%
Quel dirigeant politique décida de rapatrier les cendres de Napoléon Bonaparte en France ? Louis-Philippe 1er
43%
Suite à l'adoption de la Constitution de l'an VIII, en décembre 1799, Napoléon est nommé 1er Consul, mais qui sont les deuxième et troisième consuls ? Cambacérès et Lebrun
37%
L'un de ses Maréchaux (et meilleur ami) meurt de ses blessures en 1809 à la bataille d'Essling, lequel ? Maréchal Lannes
35%
Quelle institution actuelle doit-on à Napoléon ? Le Conseil d'État
29%
A propos de quelle guerre Napoléon dit-il : "Cette malheureuse guerre m'a perdu ; toutes les circonstances de mes désastres se rattachent à ce nœud fatal" ? Guerre d'Espagne
27%
Aucun quiz correspondant
Distribution des résultats
% des personnes avec chaque résultat
Percentile par nombre de réponses
Votre historique - résultats
Vous n’avez pas pris ce quiz